[Event "XVII. DBMM Schach"]
[Site "Berlin"]
[Date "2017.11.04"]
[Round "5.3"]
[White "Kalkowski, Thomas"]
[Black "Mikoteit, Siegfried"]
[Result "1-0"]
[WhiteElo "1459"]
[BlackElo "1366"]
[Annotator "br"]
[PlyCount "55"]
[EventDate "2017.??.??"]
[EventType "team-swiss"]
[EventRounds "7"]
[EventCountry "GER"]
[SourceTitle "XVII. DBMM 2017"]
[Source "FV Schach e.V."]
[SourceDate "2018.05.26"]
[SourceVersion "1"]
[SourceVersionDate "2018.05.26"]
[SourceQuality "1"]
[WhiteTeam "BA Tempelhof Berlin IV"]
[BlackTeam "SG Airbus Bremen"]
[WhiteTeamCountry "GER"]
[BlackTeamCountry "GER"]

1. e4 e5 2. Nf3 Nc6 3. d4 exd4 4. Nxd4 d6 5. Bc4 Nxd4 6. Qxd4 Qf6 7. Qe3 Ne7 8.
Nc3 g6 9. Nb5 Kd8 10. Nxa7 Bd7 11. Nb5 Bg7 12. O-O Bxb5 13. Bxb5 Qd4 14. Qe2
Nc6 15. c3 Qe5 16. Bxc6 bxc6 17. Qc4 Kd7 18. Qxf7+ Qe7 19. Qxe7+ Kxe7 20. Bg5+
Ke6 21. f4 Rhf8 22. g4 Ra5 23. a4 d5 24. b4 Raa8 25. exd5+ Kxd5 26. Rf3 Kc4 27.
Be7 Rfe8 28. Bc5 1-0

[Event "XVII. DBMM Schach"]
[Site "Berlin"]
[Date "2017.11.04"]
[Round "5.4"]
[White "Waltz, Juergen"]
[Black "Alber, Roland"]
[Result "1/2-1/2"]
[WhiteElo "1400"]
[BlackElo "1303"]
[Annotator "br"]
[PlyCount "110"]
[EventDate "2017.??.??"]
[EventType "team-swiss"]
[EventRounds "7"]
[EventCountry "GER"]
[SourceTitle "XVII. DBMM 2017"]
[Source "FV Schach e.V."]
[SourceDate "2018.05.26"]
[SourceVersion "1"]
[SourceVersionDate "2018.05.26"]
[SourceQuality "1"]
[WhiteTeam "SG Airbus Bremen"]
[BlackTeam "BA Tempelhof Berlin IV"]
[WhiteTeamCountry "GER"]
[BlackTeamCountry "GER"]

1. b3 g6 2. Bb2 Nf6 3. e3 Bg7 4. Nf3 O-O 5. Be2 e6 6. O-O d6 7. d4 d5 8. c4 c6
9. Nc3 b6 10. Qc2 Bb7 11. Rfd1 Nbd7 12. h3 Qc7 13. Rac1 Rac8 14. Bd3 a6 15. a4
Rfe8 16. b4 Qb8 17. Qb1 Bh6 18. b5 cxb5 19. cxb5 a5 20. Ne2 Rxc1 21. Rxc1 Rc8
22. Rc3 Rxc3 23. Nxc3 Nh5 24. e4 Nf4 25. e5 Nxd3 26. Qxd3 Qc8 27. Ne2 Qc4 28.
Qd1 Qc7 29. g4 Bg7 30. Ng3 Bc8 31. Qe2 Qc4 32. Qxc4 dxc4 33. Nd2 Bb7 34. Nxc4
Bf8 35. Ne3 Be7 36. f4 Nf8 37. f5 Bg5 38. Kf2 Bxe3+ 39. Kxe3 Bg2 40. h4 Bh3 41.
Kf4 gxf5 42. gxf5 h6 43. Ba3 Nd7 44. Bd6 Bg2 45. fxe6 fxe6 46. Nh5 Kf7 47. Bc7
Bd5 48. Nf6 Nxf6 49. exf6 Bb3 50. Bxb6 Bxa4 51. Bxa5 Bxb5 52. Ke5 h5 53. Bd2
Bc4 54. Bg5 Bd5 55. Kd6 Bb3 1/2-1/2

[Event "XVII. DBMM Schach"]
[Site "Berlin"]
[Date "2017.11.04"]
[Round "6.1"]
[White "Schramm, Christian"]
[Black "Rabiega, Robert"]
[Result "1/2-1/2"]
[WhiteElo "2368"]
[BlackElo "2516"]
[Annotator "br"]
[PlyCount "64"]
[EventDate "2017.??.??"]
[EventType "team-swiss"]
[EventRounds "7"]
[EventCountry "GER"]
[SourceTitle "XVII. DBMM 2017"]
[Source "FV Schach e.V."]
[SourceDate "2018.05.26"]
[SourceVersion "1"]
[SourceVersionDate "2018.05.26"]
[SourceQuality "1"]
[WhiteTeam "AGI Frankfurt"]
[BlackTeam "Deutsche Bahn/BSW Berlin"]
[WhiteTeamCountry "GER"]
[BlackTeamCountry "GER"]

1. e4 e5 2. Nf3 Nc6 3. Bc4 Bc5 4. c3 Nf6 5. d3 d6 6. Nbd2 a6 7. Bb3 h6 8. h3
Ne7 9. Nf1 Ng6 10. Ng3 O-O 11. O-O Be6 12. d4 Ba7 13. Be3 Re8 14. Bxe6 Rxe6 15.
d5 Re8 16. Bxa7 Rxa7 17. Qd3 c5 18. a4 b6 19. Nd2 Nf4 20. Qe3 Rb7 21. Nc4 g6
22. b4 Qc7 23. bxc5 bxc5 24. Rfb1 Reb8 25. Rxb7 Rxb7 26. Kh2 Rb3 27. Nf1 Qd7
28. Nfd2 Rb8 29. Na5 Rb2 30. Nac4 Rb8 31. Na5 Rb2 32. Nac4 Rb8 1/2-1/2

[Event "XVII. DBMM Schach"]
[Site "Berlin"]
[Date "2017.11.04"]
[Round "6.2"]
[White "Muse, Mladen"]
[Black "Rietze, Clemens"]
[Result "1/2-1/2"]
[WhiteElo "2391"]
[BlackElo "2319"]
[Annotator "br"]
[PlyCount "48"]
[EventDate "2017.??.??"]
[EventType "team-swiss"]
[EventRounds "7"]
[EventCountry "GER"]
[SourceTitle "XVII. DBMM 2017"]
[Source "FV Schach e.V."]
[SourceDate "2018.05.26"]
[SourceVersion "1"]
[SourceVersionDate "2018.05.26"]
[SourceQuality "1"]
[WhiteTeam "Deutsche Bahn/BSW Berlin"]
[BlackTeam "AGI Frankfurt"]
[WhiteTeamCountry "GER"]
[BlackTeamCountry "GER"]

1. Nf3 d5 2. g3 Nf6 3. Bg2 g6 4. b3 Bg7 5. Bb2 O-O 6. c4 e6 7. O-O b6 8. d4 Bb7
9. cxd5 exd5 10. Nc3 Nbd7 11. Rc1 c5 12. e3 Qe7 13. dxc5 bxc5 14. a3 Nb6 15.
Nd4 Rac8 16. Bh3 Nfd7 17. Nde2 f5 18. Nf4 Nf6 19. Bg2 Rfd8 20. Re1 Qf7 21. Qe2
g5 22. Nd3 Bf8 23. Ne5 Qe6 24. f4 g4 1/2-1/2

[Event "XVII. DBMM Schach"]
[Site "Berlin"]
[Date "2017.11.04"]
[Round "6.3"]
[White "Guth, Thomas"]
[Black "Muse, Drazen"]
[Result "0-1"]
[WhiteElo "2328"]
[BlackElo "2356"]
[Annotator "br"]
[PlyCount "105"]
[EventDate "2017.??.??"]
[EventType "team-swiss"]
[EventRounds "7"]
[EventCountry "GER"]
[SourceTitle "XVII. DBMM 2017"]
[Source "FV Schach e.V."]
[SourceDate "2018.05.26"]
[SourceVersion "1"]
[SourceVersionDate "2018.05.26"]
[SourceQuality "1"]
[WhiteTeam "AGI Frankfurt"]
[BlackTeam "Deutsche Bahn/BSW Berlin"]
[WhiteTeamCountry "GER"]
[BlackTeamCountry "GER"]

1. e4 g6 2. Bc4 Bg7 3. Nf3 c6 4. Nc3 b5 5. Bb3 b4 6. Ne2 Nf6 7. d3 O-O 8. a3
bxa3 9. Rxa3 d5 10. e5 Nfd7 11. d4 Nb6 12. h3 a5 13. c3 f6 14. O-O Nc4 15. Bxc4
dxc4 16. exf6 exf6 17. Nf4 Re8 18. Qa4 Kh8 19. Rd1 g5 20. Nh5 Qd5 21. Nxg7 Kxg7
22. Re1 Rxe1+ 23. Nxe1 Nd7 24. Qd1 Nc5 25. Qe2 Nb3 26. Be3 Bf5 27. Ra4 Be6 28.
Nf3 Re8 29. Nd2 Qb5 30. Ra3 Nc1 31. Qf3 Nd3 32. Ne4 Rf8 33. Nd6 Qd5 34. Qxd5
Bxd5 35. Rxa5 Kg6 36. g4 h5 37. Nf5 hxg4 38. Ne7+ Kh5 39. hxg4+ Kxg4 40. Nxd5
cxd5 41. Rxd5 f5 42. f3+ Kxf3 43. Bxg5 Ke4 44. Rd8 Rxd8 45. Bxd8 Nxb2 46. Kf1
Nd1 47. Bg5 Ne3+ 48. Ke1 f4 49. Bd8 f3 50. Bg5 Nd5 51. Bh4 Nxc3 52. Kd2 Ne2 53.
Bf2 {Rest unleserlich.} 0-1

[Event "XVII. DBMM Schach"]
[Site "Berlin"]
[Date "2017.11.04"]
[Round "6.4"]
[White "Kleeschaetzky, Rainer"]
[Black "Buescher, Henrik"]
[Result "1/2-1/2"]
[WhiteElo "2304"]
[BlackElo "2112"]
[Annotator "br"]
[PlyCount "103"]
[EventDate "2017.??.??"]
[EventType "team-swiss"]
[EventRounds "7"]
[EventCountry "GER"]
[SourceTitle "XVII. DBMM 2017"]
[Source "FV Schach e.V."]
[SourceDate "2018.05.26"]
[SourceVersion "1"]
[SourceVersionDate "2018.05.26"]
[SourceQuality "1"]
[WhiteTeam "Deutsche Bahn/BSW Berlin"]
[BlackTeam "AGI Frankfurt"]
[WhiteTeamCountry "GER"]
[BlackTeamCountry "GER"]

1. e4 c6 2. d4 d5 3. e5 Na6 4. Ne2 g6 5. Ng3 h5 6. h4 Be6 7. c3 Nc7 8. Bd3 Qd7
9. Nd2 Bh6 10. Ndf1 Bxc1 11. Rxc1 Nh6 12. Ne3 O-O-O 13. Kd2 Rhg8 14. Kc2 c5 15.
Kb1 c4 16. Bc2 Qb5 17. Qd2 Rh8 18. Rcf1 Bd7 19. f3 Qa5 20. Ne2 Kb8 21. g4 b5
22. gxh5 gxh5 23. Nf4 e6 24. Nxh5 Ng8 25. Ng3 Ne7 26. f4 Nc6 27. Ne2 Qb6 28. b4
cxb3 29. axb3 a5 30. h5 Na7 31. h6 b4 32. c4 a4 33. h7 Qb7 34. Kb2 dxc4 35.
Nxc4 Nab5 36. Rh2 Nd5 37. Be4 Rc8 38. Bxd5 exd5 39. Na5 Qc7 40. Qxb4 a3+ 41.
Ka1 Qc2 42. Rb1 Ka8 43. e6 fxe6 44. Qe7 Nc3 45. Nxc3 Qxc3+ 46. Ka2 Qxa5 47.
Qxd7 Rc7 48. Qxe6 Rhxh7 49. Qg8+ Kb7 50. Rxh7 Qd2+ 51. Kxa3 Qa5+ 52. Kb2
1/2-1/2

[Event "XVII. DBMM Schach"]
[Site "Berlin"]
[Date "2017.11.04"]
[Round "6.2"]
[White "Heinrich, Thomas"]
[Black "Gikas, Andreas Basilius"]
[Result "1-0"]
[WhiteElo "2215"]
[BlackElo "2191"]
[Annotator "br"]
[PlyCount "89"]
[EventDate "2017.??.??"]
[EventType "team-swiss"]
[EventRounds "7"]
[EventCountry "GER"]
[SourceTitle "XVII. DBMM 2017"]
[Source "FV Schach e.V."]
[SourceDate "2018.05.26"]
[SourceVersion "1"]
[SourceVersionDate "2018.05.26"]
[SourceQuality "1"]
[WhiteTeam "le-tex GmbH Leipzig"]
[BlackTeam "Deutsche Post Bonn"]
[WhiteTeamCountry "GER"]
[BlackTeamCountry "GER"]

1. d4 d5 2. Nf3 c6 3. Bf4 Qb6 4. Qc1 Bg4 5. Nbd2 Nf6 6. e3 e6 7. Be2 c5 8. c3
Nc6 9. O-O Be7 10. Re1 O-O 11. h3 Bh5 12. a3 Rac8 13. dxc5 Bxc5 14. b4 Be7 15.
c4 a6 16. c5 Qd8 17. Qb2 Ne4 18. Nxe4 dxe4 19. Rad1 Qe8 20. Nd4 Bxe2 21. Nxe2
f5 22. Qc3 Rf6 23. Bg5 Rf7 24. Bxe7 Rxe7 25. Nd4 Qf7 26. Nxc6 Rxc6 27. Rd8+ Re8
28. Red1 Rc8 29. R8d7 Re7 30. Rxe7 Qxe7 31. Rd6 Rc6 32. Rxc6 bxc6 33. Qc4 Qf6
34. Qxa6 Qa1+ 35. Kh2 Qe5+ 36. g3 Qb2 37. Kg2 Kf7 38. Qxc6 Qe2 39. Qd7+ Kf6 40.
c6 Qf3+ 41. Kg1 f4 42. exf4 Qc3 43. Qd6 Kf7 44. Qc5 Qa1+ 45. Kh2 1-0

[Event "XVII. DBMM Schach"]
[Site "Berlin"]
[Date "2017.11.04"]
[Round "6.3"]
[White "Lunnebach, Oliver"]
[Black "Rohne, Lars"]
[Result "1/2-1/2"]
[WhiteElo "2086"]
[BlackElo "2145"]
[Annotator "br"]
[PlyCount "108"]
[EventDate "2017.??.??"]
[EventType "team-swiss"]
[EventRounds "7"]
[EventCountry "GER"]
[SourceTitle "XVII. DBMM 2017"]
[Source "FV Schach e.V."]
[SourceDate "2018.05.26"]
[SourceVersion "1"]
[SourceVersionDate "2018.05.26"]
[SourceQuality "1"]
[WhiteTeam "Deutsche Post Bonn"]
[BlackTeam "le-tex GmbH Leipzig"]
[WhiteTeamCountry "GER"]
[BlackTeamCountry "GER"]

1. d4 g6 2. c4 Bg7 3. Nc3 d6 4. Nf3 e5 5. e4 Nd7 6. g3 Ne7 7. Bg2 O-O 8. O-O
exd4 9. Nxd4 Ne5 10. b3 N7c6 11. Nxc6 bxc6 12. Bb2 c5 13. Qd2 Bh3 $11 14. f4
Bxg2 15. Kxg2 Nc6 16. f5 g5 17. f6 Bxf6 18. Rf5 h6 19. h4 Nd4 20. Nd5 Bg7 21.
hxg5 Nxf5 22. Bf6 Qe8 23. exf5 Qe4+ 24. Kh2 Rfe8 25. Rf1 Qe2+ 26. Rf2 Qxd2 27.
Rxd2 hxg5 28. Bxg5 c6 29. Nc7 Be5 30. Kg2 Kf8 31. Kf3 f6 32. Bh6+ Ke7 33. Be3
Rg8 34. Nxa8 Rxa8 35. Rh2 Kf7 36. Rh7+ Kg8 37. Rc7 a5 38. Rxc6 a4 39. Rb6 axb3
40. axb3 Ra1 41. Bf2 Kf7 42. g4 Rb1 43. Bg3 Bxg3 44. Kxg3 Ke7 45. Rb7+ Ke8 46.
Kf4 Rd1 47. Kf3 Rd3+ 48. Kf4 Rd1 49. Kg3 Rg1+ 50. Kf3 Rb1 51. Ke3 Rg1 52. Ke4
Rd1 53. Kf4 Rd3 54. Ke4 Rd1 1/2-1/2

[Event "XVII. DBMM Schach"]
[Site "Berlin"]
[Date "2017.11.04"]
[Round "6.4"]
[White "Schreiter, Thomas"]
[Black "Dehmel, Jens"]
[Result "0-1"]
[WhiteElo "2016"]
[BlackElo "2082"]
[Annotator "br"]
[PlyCount "56"]
[EventDate "2017.??.??"]
[EventType "team-swiss"]
[EventRounds "7"]
[EventCountry "GER"]
[SourceTitle "XVII. DBMM 2017"]
[Source "FV Schach e.V."]
[SourceDate "2018.05.26"]
[SourceVersion "1"]
[SourceVersionDate "2018.05.26"]
[SourceQuality "1"]
[WhiteTeam "le-tex GmbH Leipzig"]
[BlackTeam "Deutsche Post Bonn"]
[WhiteTeamCountry "GER"]
[BlackTeamCountry "GER"]

1. d4 d5 2. c4 c6 3. Nf3 Nf6 4. cxd5 cxd5 5. Nc3 Nc6 6. g3 e6 7. Bg2 Be7 8. O-O
O-O 9. Bf4 Bd7 10. Rc1 a6 11. Qd3 b5 12. e4 Nb4 13. Qb1 dxe4 14. Ng5 Nd3 15.
Rcd1 Nd5 16. Ncxe4 N3xf4 17. gxf4 f5 18. Nc5 Nxf4 19. Nf3 Bc6 20. Nxe6 Nxe6 21.
d5 Bxd5 22. Ne5 Nf4 23. Nc6 Ne2+ 24. Kh1 Bxg2+ 25. Kxg2 Qe8 26. Qc2 Rc8 27.
Qb3+ Kh8 28. Ne5 Bf6 0-1

[Event "XVII. DBMM Schach"]
[Site "Berlin"]
[Date "2017.11.04"]
[Round "6.1"]
[White "Limbourg, Philipp"]
[Black "Thiede, Lars"]
[Result "0-1"]
[WhiteElo "2214"]
[BlackElo "2433"]
[Annotator "br"]
[PlyCount "98"]
[EventDate "2017.??.??"]
[EventType "team-swiss"]
[EventRounds "7"]
[EventCountry "GER"]
[SourceTitle "XVII. DBMM 2017"]
[Source "FV Schach e.V."]
[SourceDate "2018.05.26"]
[SourceVersion "1"]
[SourceVersionDate "2018.05.26"]
[SourceQuality "1"]
[WhiteTeam "RWE Essen"]
[BlackTeam "BA Tempelhof Berlin"]
[WhiteTeamCountry "GER"]
[BlackTeamCountry "GER"]

1. e4 d6 2. d4 Nf6 3. Nc3 e5 4. dxe5 dxe5 5. Qxd8+ Kxd8 6. Bg5 c6 7. Nf3 Nbd7
8. Bxf6+ gxf6 9. Bc4 Ke8 10. a3 Rg8 11. Nh4 Nb6 12. Bd3 Be6 13. g3 Rd8 14. Rd1
Bc5 15. Nf5 Bd4 16. Nxd4 Rxd4 17. f3 $11 Ke7 18. Rf1 Rgd8 19. Rf2 a6 20. Rfd2
Nc8 21. Ne2 R4d7 22. f4 Bg4 23. f5 Nd6 24. c4 c5 25. b3 Bf3 26. Bb1 Nxe4 27.
Rxd7+ Rxd7 28. Rxd7+ Kxd7 29. Bxe4 Bxe4 30. g4 Bf3 31. Ng3 Bxg4 32. Kd2 Kc6 33.
Kc3 b6 34. h4 Bf3 35. Kd3 Kd6 36. Ke3 Bd1 37. Ne4+ Ke7 38. b4 cxb4 39. axb4 Bc2
40. Nc3 Kd6 41. Nd5 a5 42. Nxf6 axb4 43. Nd5 Kc5 44. f6 b5 45. Nc7 bxc4 46. Kd2
Bg6 47. Na6+ Kb5 48. Nc7+ Kc6 49. Na6 c3+ 0-1

[Event "XVII. DBMM Schach"]
[Site "Berlin"]
[Date "2017.11.04"]
[Round "6.2"]
[White "Bruchmann, Stephan"]
[Black "Broszeit, Peter"]
[Result "0-1"]
[WhiteElo "2219"]
[BlackElo "1950"]
[Annotator "br"]
[PlyCount "80"]
[EventDate "2017.??.??"]
[EventType "team-swiss"]
[EventRounds "7"]
[EventCountry "GER"]
[SourceTitle "XVII. DBMM 2017"]
[Source "FV Schach e.V."]
[SourceDate "2018.05.26"]
[SourceVersion "1"]
[SourceVersionDate "2018.05.26"]
[SourceQuality "1"]
[WhiteTeam "BA Tempelhof Berlin"]
[BlackTeam "RWE Essen"]
[WhiteTeamCountry "GER"]
[BlackTeamCountry "GER"]

1. e4 c5 2. Nf3 Nc6 3. Bb5 d6 4. d4 cxd4 5. Qxd4 Bd7 6. Bxc6 Bxc6 7. Nc3 Nf6 8.
Bg5 e6 9. O-O-O Be7 10. Qd3 O-O 11. Nd4 Qa5 12. f4 Rac8 13. h4 Rfe8 14. f5 Ng4
15. Bxe7 Rxe7 16. Qg3 Nf6 17. Qxd6 Rd7 18. Nxc6 bxc6 19. Qf4 e5 20. Qe3 Rb7 21.
Rd3 c5 22. Rhd1 c4 23. Rd6 Ne8 24. R1d5 Qb4 25. Rd8 Qxb2+ 26. Kd2 Rbb8 27. Rxc8
Rxc8 28. Qxa7 Nf6 29. Qa6 Rb8 30. Rd6 Qb4 31. Rxf6 Rd8+ 32. Ke2 Qxc3 33. Rd6
Qxc2+ 34. Kf3 Qc3+ 35. Kg4 h5+ 36. Kxh5 Rxd6 37. Qxd6 Qd4 38. Qb8+ Kh7 39. Qe8
Qd1+ 40. g4 Qd2 0-1

[Event "XVII. DBMM Schach"]
[Site "Berlin"]
[Date "2017.11.04"]
[Round "6.3"]
[White "Broksch, Dirk"]
[Black "Schildt, Rene"]
[Result "0-1"]
[WhiteElo "1902"]
[BlackElo "2112"]
[Annotator "br"]
[PlyCount "72"]
[EventDate "2017.??.??"]
[EventType "team-swiss"]
[EventRounds "7"]
[EventCountry "GER"]
[SourceTitle "XVII. DBMM 2017"]
[Source "FV Schach e.V."]
[SourceDate "2018.05.26"]
[SourceVersion "1"]
[SourceVersionDate "2018.05.26"]
[SourceQuality "1"]
[WhiteTeam "RWE Essen"]
[BlackTeam "BA Tempelhof Berlin"]
[WhiteTeamCountry "GER"]
[BlackTeamCountry "GER"]

1. d4 Nf6 2. Nf3 g6 3. Bf4 Bg7 4. e3 O-O 5. h3 c5 6. c3 d5 7. dxc5 Ne4 8. Be2
Nc6 9. Nbd2 Nxc5 10. O-O h6 11. Nb3 Ne4 12. Nfd2 Ng5 13. Nf3 e5 14. Bxg5 hxg5
15. Qd2 e4 16. Nfd4 Be5 17. Rad1 Kg7 18. f4 gxf4 19. exf4 Bc7 20. Qe3 Qf6 21.
Qg3 Ne7 22. Qg5 Qd6 23. Qg3 Bd7 24. Kh1 a6 25. Qf2 Rh8 26. Kg1 Rh6 27. Bg4 f5
28. Be2 g5 29. Qg3 Rg6 30. Kf2 gxf4 31. Qh2 Rg3 32. Ke1 Kh8 33. Kd2 Rag8 34.
Rg1 Qh6 35. Kc2 Qg6 36. Kc1 Bb8 {Zeit} 0-1

[Event "XVII. DBMM Schach"]
[Site "Berlin"]
[Date "2017.11.04"]
[Round "6.1"]
[White "Lenhardt, Manfred"]
[Black "Gottschalk, Jens"]
[Result "1/2-1/2"]
[WhiteElo "2086"]
[BlackElo "2268"]
[Annotator "br"]
[PlyCount "36"]
[EventDate "2017.??.??"]
[EventType "team-swiss"]
[EventRounds "7"]
[EventCountry "GER"]
[SourceTitle "XVII. DBMM 2017"]
[Source "FV Schach e.V."]
[SourceDate "2018.05.26"]
[SourceVersion "1"]
[SourceVersionDate "2018.05.26"]
[SourceQuality "1"]
[WhiteTeam "Vattenfall Berlin"]
[BlackTeam "R+V Versicherung Wiesbaden"]
[WhiteTeamCountry "GER"]
[BlackTeamCountry "GER"]

1. d4 Nf6 2. Nf3 g6 3. g3 Bg7 4. Bg2 O-O 5. O-O d5 6. c4 c6 7. Na3 Bf5 8. Bf4
Nbd7 9. Rc1 dxc4 10. Nxc4 Nb6 11. Na5 Qc8 12. Ne5 Nfd5 13. Qd2 Nxf4 14. Qxf4 f6
15. Nec4 Nxc4 16. Nxc4 Qb8 17. Qxb8 Raxb8 18. e4 Bd7 1/2-1/2

[Event "XVII. DBMM Schach"]
[Site "Berlin"]
[Date "2017.11.04"]
[Round "6.2"]
[White "Seidler, Lukas"]
[Black "Busse, Wolfgang"]
[Result "1-0"]
[WhiteElo "2185"]
[BlackElo "1841"]
[Annotator "br"]
[PlyCount "59"]
[EventDate "2017.??.??"]
[EventType "team-swiss"]
[EventRounds "7"]
[EventCountry "GER"]
[SourceTitle "XVII. DBMM 2017"]
[Source "FV Schach e.V."]
[SourceDate "2018.05.26"]
[SourceVersion "1"]
[SourceVersionDate "2018.05.26"]
[SourceQuality "1"]
[WhiteTeam "R+V Versicherung Wiesbaden"]
[BlackTeam "Vattenfall Berlin"]
[WhiteTeamCountry "GER"]
[BlackTeamCountry "GER"]

1. e4 c5 2. Nf3 d6 3. d4 cxd4 4. Nxd4 Nf6 5. Nc3 g6 6. Be3 Bg7 7. Bc4 O-O 8. f3
Nc6 9. Qd2 Re8 10. O-O-O Ne5 11. Bb3 Bd7 12. h4 h5 13. g4 hxg4 14. h5 Nxh5 15.
Rdg1 Qc8 16. Bh6 Kh7 17. Rxh5 gxh5 18. Bxg7 Kxg7 19. Qg5+ Ng6 20. fxg4 Qc5 21.
Nf5+ Bxf5 22. gxf5 Rh8 23. Bxf7 Kxf7 24. Qxg6+ Kf8 25. Qg7+ Ke8 26. Qxh8+ Kd7
27. Qg7 Qe3+ 28. Kb1 Rf8 29. Rc1 Ke8 30. Nd5 1-0

[Event "XVII. DBMM Schach"]
[Site "Berlin"]
[Date "2017.11.04"]
[Round "6.3"]
[White "Schulze, Norbert"]
[Black "Werner, Gregor"]
[Result "0-1"]
[WhiteElo "1794"]
[BlackElo "2128"]
[Annotator "br"]
[PlyCount "60"]
[EventDate "2017.??.??"]
[EventType "team-swiss"]
[EventRounds "7"]
[EventCountry "GER"]
[SourceTitle "XVII. DBMM 2017"]
[Source "FV Schach e.V."]
[SourceDate "2018.05.26"]
[SourceVersion "1"]
[SourceVersionDate "2018.05.26"]
[SourceQuality "1"]
[WhiteTeam "Vattenfall Berlin"]
[BlackTeam "R+V Versicherung Wiesbaden"]
[WhiteTeamCountry "GER"]
[BlackTeamCountry "GER"]

1. d4 Nf6 2. c4 g6 3. Nc3 Bg7 4. e4 d6 5. f4 O-O 6. Nf3 c5 7. d5 e6 8. Be2 exd5
9. cxd5 Re8 10. Nd2 Na6 11. O-O Nc7 12. a4 b6 13. Re1 a6 14. Bf3 Rb8 15. Nc4 b5
16. axb5 axb5 17. Nxd6 Qxd6 18. e5 Qd8 19. d6 Ne6 20. exf6 Bxf6 21. Ne4 Bd4+
22. Be3 Bb7 23. Bxd4 cxd4 24. d7 Rf8 25. f5 gxf5 26. Ng3 Qxd7 27. Nxf5 Kh8 28.
Bxb7 Rxb7 29. Qe2 Qd5 30. Rad1 Qxf5 0-1

[Event "XVII. DBMM Schach"]
[Site "Berlin"]
[Date "2017.11.04"]
[Round "6.4"]
[White "Launert, Martin"]
[Black "Schirmag, Wolfgang"]
[Result "1/2-1/2"]
[WhiteElo "1879"]
[BlackElo "1629"]
[Annotator "br"]
[PlyCount "82"]
[EventDate "2017.??.??"]
[EventType "team-swiss"]
[EventRounds "7"]
[EventCountry "GER"]
[SourceTitle "XVII. DBMM 2017"]
[Source "FV Schach e.V."]
[SourceDate "2018.05.26"]
[SourceVersion "1"]
[SourceVersionDate "2018.05.26"]
[SourceQuality "1"]
[WhiteTeam "R+V Versicherung Wiesbaden"]
[BlackTeam "Vattenfall Berlin"]
[WhiteTeamCountry "GER"]
[BlackTeamCountry "GER"]

1. e4 c5 2. Nf3 e6 3. d4 cxd4 4. Nxd4 a6 5. Bd3 Qc7 6. Nc3 Nf6 7. Be3 d6 8. O-O
Nbd7 9. Nb3 Be7 10. h3 b6 11. f4 Bb7 12. Qe1 Nc5 13. Nxc5 bxc5 14. b3 O-O 15.
Bd2 Nd7 16. Rd1 Bf6 17. Ne2 Qc6 18. Bc3 d5 19. exd5 exd5 20. Bxf6 Nxf6 21. Ng3
Rae8 22. Qf2 Ne4 23. Bxe4 dxe4 24. Qe3 f5 25. Rd2 g6 26. Rfd1 Re6 27. Ne2 Rfe8
28. c4 Qc7 29. Nc3 g5 30. g3 gxf4 31. gxf4 Rg6+ 32. Rg2 Ree6 33. Rdd2 Rd6 34.
Rxg6+ hxg6 35. Kf2 Rd3 36. Rxd3 exd3 37. Qe6+ Kh7 38. Ke3 d2 39. Kxd2 Qxf4+ 40.
Qe3 Qd6+ 41. Qd3 Qf4+ 1/2-1/2

[Event "XVII. DBMM Schach"]
[Site "Berlin"]
[Date "2017.11.04"]
[Round "6.1"]
[White "Gohla, Ulf"]
[Black "Schulz, Michael"]
[Result "0-1"]
[WhiteElo "2171"]
[BlackElo "2204"]
[Annotator "ms"]
[PlyCount "98"]
[EventDate "2017.??.??"]
[EventType "team-swiss"]
[EventRounds "7"]
[EventCountry "GER"]
[SourceTitle "XVII. DBMM 2017"]
[Source "FV Schach e.V."]
[SourceDate "2018.05.26"]
[SourceVersion "1"]
[SourceVersionDate "2018.05.26"]
[SourceQuality "1"]
[WhiteTeam "Vodafone"]
[BlackTeam "SV Osram Berlin"]
[WhiteTeamCountry "GER"]
[BlackTeamCountry "GER"]

1. d4 Nf6 2. c4 c5 3. d5 e6 4. Nc3 exd5 5. cxd5 d6 6. Nf3 a6 7. a4 g6 8. Bg5 h6
9. Bf4 g5 10. Bc1 Bg7 11. g3 Bg4 12. Nd2 Nbd7 13. Nc4 Qe7 14. Bg2 Ne5 15. Nxe5
Qxe5 16. Qb3 Qe7 17. h4 Nd7 18. hxg5 hxg5 19. Rxh8+ Bxh8 20. f3 Bf5 21. Qxb7
Rb8 22. Qxa6 Bxc3+ 23. bxc3 Qe5 24. Qc4 Qxg3+ 25. Kf1 Ne5 26. Qa2 Nd3 27. exd3
Bxd3+ 28. Kg1 Qe1+ 29. Kh2 Qe5+ 30. f4 gxf4 31. Qd2 f3+ 32. Kg1 Be4 33. Bxf3
Bxf3 34. Qe3 Bxd5 35. Qxe5+ dxe5 36. a5 Rb3 37. c4 Bxc4 38. Ra3 Kd7 39. a6 Rxa3
40. Bxa3 Kd6 41. a7 Bd5 42. Kf2 f5 43. Ke3 f4+ 44. Kd3 e4+ 45. Kc3 e3 46. Kd3
Ba8 47. Kc4 Ke5 48. Kd3 Kd5 49. Kc3 c4 0-1

[Event "XVII. DBMM Schach"]
[Site "Berlin"]
[Date "2017.11.04"]
[Round "6.2"]
[White "Rath, Alina"]
[Black "Scheffner, Axel"]
[Result "1-0"]
[WhiteElo "2089"]
[BlackElo "2249"]
[Annotator "br"]
[PlyCount "123"]
[EventDate "2017.??.??"]
[EventType "team-swiss"]
[EventRounds "7"]
[EventCountry "GER"]
[SourceTitle "XVII. DBMM 2017"]
[Source "FV Schach e.V."]
[SourceDate "2018.05.26"]
[SourceVersion "1"]
[SourceVersionDate "2018.05.26"]
[SourceQuality "1"]
[WhiteTeam "SV Osram Berlin"]
[BlackTeam "Vodafone"]
[WhiteTeamCountry "GER"]
[BlackTeamCountry "GER"]

1. c4 c6 2. Nc3 d5 3. d4 Nf6 4. Nf3 a6 5. e3 Bg4 6. a3 e6 7. Bd3 b5 8. c5 Nbd7
9. O-O e5 10. Be2 Qc7 11. b4 e4 12. Ne1 Bf5 13. a4 Rb8 14. Bd2 h5 15. f4 exf3
16. Nxf3 g6 17. Be1 Bh6 18. Qc1 Ng4 19. Nd1 Rc8 20. Bg3 Qd8 21. Bd6 Ngf6 22.
Nf2 Ne4 23. Nxe4 Bxe4 24. axb5 axb5 25. Ra3 Bf8 26. Bf4 Be7 27. Qe1 O-O 28. Bh6
Re8 29. Qg3 Bf6 30. Ng5 Bxg5 31. Bxg5 f6 32. Bf4 Kh8 33. Bd6 Rg8 34. Qh3 Rg7
35. Ra7 Qe8 36. Qh4 Qe6 37. Rfa1 Re8 38. R1a3 Rh7 39. Ra8 Kg7 40. Rxe8 Qxe8 41.
Ra7 Kh8 42. Qf4 Rf7 43. Rc7 Qa8 44. h4 Kg7 45. Qg3 Kh7 46. Qf4 Kg7 47. Qg3 Kh7
48. Bf3 Bf5 49. Qf4 Be6 50. Kh2 Kg7 51. Qg3 Kh7 52. e4 f5 53. exd5 cxd5 54. c6
Nf6 55. Rxf7+ Bxf7 56. Qe5 Ng4+ 57. Bxg4 hxg4 58. c7 Qc8 59. Qe7 g3+ 60. Kxg3
f4+ 61. Bxf4 Kg7 62. Be5+ 1-0